[Event "Dos Hermanas"]
[Site "Dos Hermanas"]
[Date "1996.05.26"]
[Round "5"]
[White "Kramnik, Vladimir"]
[Black "Anand, Viswanathan"]
[Result "1-0"]
[WhiteElo "2775"]
[BlackElo "2725"]
[Annotator "Bologan,V"]
[PlyCount "201"]
[EventDate "1996.05.21"]
[EventType "tourn"]
[EventRounds "9"]
[EventCountry "ESP"]
[EventCategory "19"]
[SourceTitle "CBM 053"]
[Source "ChessBase"]
[SourceDate "1996.08.01"]
[SourceVersion "1"]
[SourceVersionDate "1996.08.01"]
[SourceQuality "1"]

1. Nf3 g6 2. d4 Nf6 3. c4 Bg7 4. Nc3 d5 5. cxd5 Nxd5 6. e4 Nxc3 7. bxc3 c5 8.
Rb1 O-O 9. Be2 cxd4 10. cxd4 Qa5+ 11. Bd2 Qxa2 12. O-O Bg4 13. Bg5 h6 14. Be3
Nc6 15. d5 Na5 (15... Ne5 $5) 16. Bc5 Bf6 17. e5 Bxe5 18. Rb4 (18. h3 Rfd8 $5
19. hxg4 Rxd5 20. Bd4 $1 Bxd4 21. Nxd4 Rad8 $1 22. Qc2 $1 Qxc2 23. Nxc2 Rd2 24.
Rfd1 Nc4 $44 {Strelbin-Nadanian,A/URS/1991/}) 18... Bxf3 19. Bxf3 Rae8 20. Be3
Nc4 {Novelty. The first who is getting out from there previos game is Anand.
May be he thought that he'll have enough compensation for the exchange. Anyway
he looked very confident in this moment and was playing very fast.} (20... Bc3
21. Ra4 Qb2 22. Qd3 b5 23. Bc1 bxa4 $1 24. Bxb2 Bxb2 25. d6 $4 (25. Qd2 Nc4 26.
Qc2 Rc8 27. Be2 Ne3 28. Qxb2 Nxf1 29. Kxf1 $18 {Kramnik}) 25... Bf6 26. Qb5 Nb3
27. d7 Rd8 28. Rd1 Nd4 29. Qxa4 Nxf3+ 30. gxf3 e6 $10 {Kramnik,V-Anand,V/Riga
Tal.1995}) 21. Bxh6 Nd6 22. Bxf8 Rxf8 23. h4 $1 {It is important for White to
create new weaknesses on the kingside what will be useful in some eventual
endings.} (23. Ra4 Qb2 24. Rxa7 Qd4 25. Qxd4 Bxd4 26. Ra4 $16) 23... Rc8 24.
Be4 Qa5 (24... Rc4 25. Bb1 Qa5 26. Rxc4 Nxc4 27. h5 $40) (24... b5 $5) 25. Ra4
Qb5 (25... Qc7 26. Bd3 b5 27. Rg4 $16) 26. Bb1 Rc5 27. Bd3 Qd7 28. Rxa7 $16
Rxd5 29. Ra8+ Kg7 30. h5 Rd4 (30... Nf5 31. hxg6 fxg6 32. Qe2 $16) 31. Qe2 Bf6
32. hxg6 fxg6 33. Bb1 Qg4 34. Qa2 Nc4 35. Qb3 b5 36. Re1 Rd2 37. Ra2 Rd5 38.
Be4 Re5 39. Rae2 Qh4 40. g3 Qh6 41. Qd3 $18 {Vladimir managed to improve the
position of all his pieces that means that there are not so many practical
chances left for Vishy.} Nd6 42. Bd5 Rxe2 43. Qxe2 Qh3 44. Be6 Qh8 45. Qf3 Qb8
46. Kg2 b4 47. Rh1 Qb7 48. Bd5 Qb5 49. g4 Nf7 50. Bb3 Nh6 51. Re1 Qg5 52. Re4
Nf5 53. Qd1 Nh4+ 54. Kh3 Qc5 55. Qe2 g5 56. Qc4 Qxc4 57. Rxc4 Bc3 58. Rc5 Nf3
59. Kg3 Ne5 60. Rb5 Bd2 61. f3 Bc3 62. f4 gxf4+ 63. Kxf4 Nf7 64. Rd5 Bb2 65.
Kf5 Bf6 66. Rd1 Ng5 67. Rd3 Nf7 68. Rd7 Nd6+ 69. Kf4 Nf7 70. Rb7 Be5+ 71. Ke3
Bd6 72. Ke4 Ng5+ 73. Kf5 Nf3 74. Bd5 Nh4+ 75. Kg5 Ng6 76. Ra7 Nf8 77. Kf5 Bc5
78. Rb7 Bd6 79. g5 Ng6 80. Ra7 Nf8 81. Bb3 Ng6 82. Ra8 Nf8 83. Kg4 Bc7 84. Kh5
Bd6 85. Rc8 Be5 86. Rc5 Ng6 87. Rc8 Nf8 88. Rc1 Bc3 89. Rf1 e6 90. Rd1 Kf7 91.
Rd8 Ng6 92. Rd7+ Ke8 93. Ba4 Ne5 94. Rb7+ Kf8 95. g6 Nd3 96. Kh6 Nc5 97. Rb8+
Ke7 98. Bc2 Nd7 99. Rb7 Kd6 100. g7 Bxg7+ 101. Kxg7 1-0

[Event "Dos Hermanas"]
[Site "Dos Hermanas"]
[Date "1996.05.27"]
[Round "6"]
[White "Kasparov, Garry"]
[Black "Kramnik, Vladimir"]
[Result "0-1"]
[WhiteElo "2775"]
[BlackElo "2775"]
[Annotator "Lutz,C"]
[PlyCount "70"]
[EventDate "1996.05.21"]
[EventType "tourn"]
[EventRounds "9"]
[EventCountry "ESP"]
[EventCategory "19"]
[SourceTitle "100 Jahre Schach"]
[Source "ChessBase"]
[SourceDate "2000.04.19"]
[SourceVersion "1"]
[SourceVersionDate "2000.04.19"]
[SourceQuality "1"]

{Stohl: A crucial game between the two highest rated players in the world.
Their score in decided normal games is now 2:2, with Kramnik being the first
one to win with Black. In den vergangenen Jahren haben Viswanathan Anand und
Wladimir Kramnik sich als die Nummer 2 und 3 der Welt hinter Kasparow
etabliert. Während jedoch Anand in den persönlichen Begegnungen gegen Kasparow
befangen wirkt und häufig nicht seine Chancen wahrnimmt, geht Kramnik ohne
großen Respekt in die Partien gegen den Weltmeister. Als Ergebnis entstanden
bisher zahlreiche bemerkenswerte Schlachten zwischen den beiden. Die
nachfolgende Partie ist eine der schönsten Siege für Kramnik: Kasparow bringt
eine Neuerung, aber Kramnik widerlegt diese am Brett und kann mit einem
intuitiven Turmopfer die Partie für sich entscheiden. Ich stütze mich auf die
Kommentare von Wladimir Kramnik im Informator 66/382 sowie auf verschiedene
Kommentatoren im ChessBaseMagazin 53. Ich habe hier nur einen kleinen Teil der
taktischen Varianten angegeben. Der Leser möge sich ermutigt fühlen, selbst in
die Komplikationen einzusteigen und eigene Forschungen zu betreiben.} 1. d4 d5
2. c4 c6 3. Nc3 Nf6 4. Nf3 e6 {Die Semi-Slawische Verteidigung war lange Zeit
Kramniks Haupteröffnung gegen 1.d4, ehe er sich in den letzten Jahren dem
Nimzo-Inder und dem Abglehntem Damengambit zuwandte.} 5. e3 Nbd7 6. Bd3 dxc4 7.
Bxc4 b5 8. Bd3 Bb7 9. O-O a6 10. e4 c5 11. d5 {Mit diesem Zug beginnt das
sogenannte Reynolds-System, eines der kompliziertesten Abspiele im Semi-Slawen.
Kasparow hatte natürlich einen Grund für seine Variantenwahl.} c4 12. Bc2 Qc7 {
Der Pd5 ist natürlich ein Keil in der schwarzen Stellung, gelingt es Schwarz,
diesen Bauern zu einer Entscheidung zu zwingen, kann er mit einem guten Spiel
dank seiner Mehrheit am Damenflügel rechnen.} 13. Nd4 Nc5 14. b4 {This move
was close to become popular in the beginning of 90th.} cxb3 15. axb3 b4 {
Der Kampf spitzt sich zu: Schwarz will das weiße Zentrum zerstören, Weiß pocht
auf seinen Entwicklungsvorsprung und die sich öffnenden Linien.} 16. Na4 Ncxe4
17. Bxe4 {Stohl: Kasparov's novelty is designed to make use of Black's K stuck
on e8. Dies war Kasparows vorbereitete Neuerung.} (17. dxe6 {wurde in Yakovich,
Y-Sorokin,M (Calcutta op 1991) probiert, aber nach} Rd8 18. exf7+ Kxf7 19. Be3
Bd6 20. h3 Rhe8 {spielten alle schwarzen Figuren mit.}) 17... Nxe4 18. dxe6 {
Bis hier hin hatte Kasparow gerade mal 6 Minuten verbraucht, erst nach der
Antwort Kramniks (der schon eine halbe Stunde verbraucht hatte) begann er
selbst zu denken.} Bd6 {Das schwarze Läuferpaar wird im weiteren Verlauf eine
verheerende Wirkung entfalten.} 19. exf7+ Qxf7 {Stohl: An exciting, if
probably not fully correct concept. Now Black will be forced to sacrifice a
piece to get his K out of the center. Kramnik nimmt die Herausforderung an.
Sein Zug beinhaltet das Opfer einer Figur.} 20. f3 {Wenn Schwarz noch einen
Zug für die kurze Rochade hätte, stände er klar besser, da seine Figuren
wesentlich wirksamer sind.} Qh5 {Zieht der Ne4, dann ist Re1+ sehr unangenehm.}
(20... O-O $2 21. fxe4 Bxh2+ 22. Kxh2 Qxf1 23. Qxf1 Rxf1 24. Nc5 $16 {(Kramnik)
ist hier nicht ausreichend.}) 21. g3 (21. fxe4 $2 Qxh2+ 22. Kf2 O-O+ 23. Nf3
Bxe4 {oder}) (21. h3 $2 Qe5 {geben Schwarz kräftigen Angriff.}) 21... O-O $5 {
Nach einem Rückzug des Ne4 würde 22.Re1+ den schwarzen König ins Gedränge
bringen. Das Figurenopfer wird durch den schlafenden weißen Damenflügel und
die geschwächte weiße Königsstellung motiviert. Ob es restlos korrekt ist,
bezweifele ich allerdings. Es gab zwei andere Möglichkeiten, die Figur zu
geben, davon ist die eine wahrscheinlich besser als der Partiezug.} ({I)} 21...
Bxg3 $2 22. hxg3 O-O (22... Nxg3 23. Qe1+) 23. Ra2 Nxg3 24. Rh2 $16 {(Kramnik)
ist falsch.}) ({II)} 21... Nxg3 $1 {ist dagegen gut für Schwarz, wie Kramnik
analysiert:} 22. hxg3 (22. Qe1+ Ne4 23. Ra2 O-O $40) (22. Re1+ Kf7 23. Nc6 Nf5
24. Qd5+ Kf8 $17) 22... O-O 23. Ra2 Bxg3 24. Rg2 Be5 {und Schwarz hat genügend
Kompensation für die Minusfigur: zwei Bauern, ein starkes Läuferpaar, Spiel
gegen den weißen König und den Pf3, der Na4 steht abseits ...}) 22. fxe4 {
Kasparow nahm die Figur sicherlioh nicht gern, aber andernfalls steht er
einfach schlechter.} Qh3 {Stohl: Black doesn't have even a single pawn for the
piece, but his attack is unexpectedly dangerous. Kasparov surprisingly cracks
under the pressure.} 23. Nf3 $2 {In den nächsten Zügen greift Kasparow
mehrmals fehl - ein Trost für den Normal-"Schächer", dass selbst der
Weltmeister gelegentlich vor der Komplexität des Schachspiels in die Knie geht.
Es gibt zwei Fortsetzungen, die Weiß Aussicht auf Vorteil einräumen.} ({I)} 23.
Ra2 $5 {wird von Kramnik angegeben:} Bxe4 (23... Bxg3 24. Nf5 $1 Rxf5 25. Rxf5
Bxe4 26. Rg5 Bh4 27. Qg4 $18) 24. Re1 (24. Rxf8+ Rxf8 25. Rf2 Rxf2 26. Kxf2
Qxh2+ 27. Ke3 Bg6 $15 {Black will gain a third pawn for the piece with a
continuing initiative.}) 24... Bb7 (24... Rae8 25. Re3 Bb7 26. Rxe8 Rxe8 27.
Qf1 Qg4 28. Nf5 Qe4 29. Qc4+ Qxc4 30. bxc4 $16) 25. Qd3 $14) ({II)} 23. Qe2 $1
Bxg3 (23... Bxe4 $2 24. Bf4 Bxf4 25. Qxe4 Bxg3 26. Qe6+ Qxe6 27. Nxe6 Rxf1+ 28.
Rxf1 $16) (23... Rxf1+ 24. Qxf1 Qg4 25. Qf3 $16) (23... Be5 24. Bb2 Bxg3 25.
hxg3 Qxg3+ 26. Qg2 Qe3+ 27. Kh2 Bxe4 28. Qxg7+ $1 $18) (23... Rfe8 24. Nc5 $5
Bxc5 25. Qc4+ Kh8 26. Qxc5 Bxe4 27. Ra2 $16) 24. Nf5 Be5 25. Bb2 Bxb2 (25...
Bxe4 26. Ne7+ Kh8 27. Bxe5) (25... Rae8 26. Bxe5 Rxe5 27. Qc4+ Kh8 28. Qxb4 $16
) 26. Qxb2 Qg4+ 27. Ng3 $16) 23... Bxg3 {[#]} 24. Nc5 $2 {Hier hatte Kasparow
zwei bessere Möglichkeiten.} ({I)} 24. hxg3 $2 Qxg3+ 25. Kh1 Bxe4 $19) ({II)} 
24. Ra2 $5 Bxe4 25. hxg3 Rad8 26. Qe1 Rxf3 27. Rxf3 Bxf3 28. Rh2 Qg4 29. Rd2
$13) ({III)} 24. Qe2 $5 Rxf3 25. Rxf3 Bxh2+ 26. Qxh2 Qxf3 27. Qg2 Qxg2+ (27...
Qd1+ 28. Kh2 $10) (27... Qxb3 $6 28. Bh6 {und Weiß übernimmt die Initiative})
28. Kxg2 Bxe4+ 29. Kg1 {, und das Endspiel sollte mit einem Unentschieden
enden.}) 24... Rxf3 $1 25. Rxf3 $2 {Und hier verpasst Kasparow die letzte
Möglichkeit, in ein schlechtes Endspiel einzulenken.} (25. Ra2 $1 Rxf1+ 26.
Qxf1 Qxf1+ 27. Kxf1 Rc8 28. Be3 Bf4 $1 29. Nxb7 Bxe3 30. Rxa6 Bf4 $17 {
(Kramnik). Weiß kann noch Hoffnung schöpfen.}) 25... Qxh2+ 26. Kf1 Bc6 $1 {
White now has an extra R, but his K is so exposed that he has no defense in
the long run. Spätestens hier wird Kasparow begriffen haben, dass heute nicht
sein Tag ist. Kramnik spielt glänzend, trotz Minusturm erlaubt er sich einen
stillen Zug von entscheidender Kraft, die Drohung ist ...Bb5+ und ...Rd8.
Lediglich von akademischen Interesse ist, dass 24...Qh1+ Dauerschach erzwingt.}
(26... Qh1+ 27. Ke2 Qh2+ 28. Ke3 Qh6+ 29. Kd3 $2 (29. Ke2 Qh2+ $10) 29... Qd6+
30. Ke2 Qxc5 31. Rxg3 Qh5+ 32. Ke1 (32. Rf3 Bxe4 $17) 32... Qe5 $19) 27. Bg5 {
Kontrolliert das Feld d8. Es gibt aber keine Rettung mehr.} ({I)} 27. Be3 Bb5+
28. Nd3 Rd8 29. Bg1 Qh3+ 30. Ke2 Qg2+ 31. Bf2 Bxf2 32. Rxf2 Qxe4+ $19) ({II)} 
27. Qd3 Qh1+ 28. Ke2 Qe1#) ({III)} 27. Ra5 $5 {ist mit einem überraschendem
Turm-Rückopfer verbunden.} Bc7 28. Qd4 $5 (28. Ra1 Qh1+ 29. Ke2 Qg2+ 30. Ke3
Qg5+ 31. Kf2 Qxc5+ $19) 28... Bxa5 29. Bb2 Qh6 (29... Bb5+ 30. Nd3 Bxd3+ 31.
Qxd3 Qh1+ 32. Kf2 Bb6+ 33. Kg3 {, und die Situation bleibt unklar}) 30. Rg3 Ra7
{Weiß hat zwar kurzfristig die Initative übernommen, aber letztlich sollte
sich das schwarze Extramaterial durchsetzen, z.B.} 31. Ne6 Rf7+ 32. Kg1 Qxe6
33. Rxg7+ Kf8 34. Qc5+ Ke8 35. Rg8+ Kd7 36. Qxa5 Qxe4 37. Qd8+ Ke6 38. Qc8+ Kd6
39. Qb8+ Rc7 40. Qf8+ Re7 41. Qb8+ Kc5 42. Rg5+ Bd5 43. Qc8+ Kb6 44. Qb8+ Bb7
45. Qd6+ Bc6 46. Bd4+ Kb7 47. Qxb4+ Kc8 48. Rg8+ Kd7 {, und Weiß gehen die
Schachgebote aus. Auch wenn dieser Verteidigungsversuch knapp scheitert, zeigt
er doch, dass der Verteidiger immer ein Rückopfer des Materials in Betracht
ziehen sollte.}) 27... Bb5+ (27... Qh1+ $2 28. Ke2 Qg2+ 29. Ke3 {führt zu
nichts}) 28. Nd3 Re8 $1 {Mit der Aktivierung der letzten passiven Figur ist
das weiße Schicksal endgültig besiegelt.} 29. Ra2 (29. Be3 Rd8 $19) (29. Qd2
Qh1+ 30. Ke2 Rxe4+ 31. Re3 Qh5+ 32. Kf1 Qxg5 $19) (29. Rc1 Qh1+ 30. Ke2 Rxe4+
31. Kd2 Qg2+ $19) (29. Rb1 Rxe4 30. Rf8+ Kxf8 31. Qf3+ Kg8 32. Qxe4 Qf2#) 29...
Qh1+ $6 {Schwarz konnte hier sofort mattsetzen, aber das ist nur ein kleiner
Schönheitsfehler.} (29... Bxd3+ $1 30. Rxd3 (30. Qxd3 Qh1+ 31. Ke2 Qe1#) 30...
Qh1+ 31. Ke2 Qg2+ 32. Ke3 Rxe4#) 30. Ke2 Rxe4+ (30... Bxd3+ $2 31. Kd2 $1) 31.
Kd2 (31. Be3 Qg2+ 32. Rf2 Qxf2#) 31... Qg2+ 32. Kc1 (32. Nf2 Rd4+) 32... Qxa2
33. Rxg3 (33. Rf8+ Kxf8 34. Qf3+ Bf4+ 35. Bxf4 Qa1+ 36. Kd2 Qc3+ $19) 33...
Qa1+ 34. Kc2 Qc3+ 35. Kb1 Rd4 {Hier hatte Kasparow genug gesehen und gab auf.
Sicherlich eine der beeindruckendsten Partien der 90er Jahre.} ({Es könnte so
weitergehen:} 35... Rd4 36. Bf6 Bxd3+ 37. Ka2 Bb1+ 38. Qxb1 Rd2+ {nebst Matt.})
0-1

[Event "Dos Hermanas"]
[Site "Dos Hermanas"]
[Date "1996.05.30"]
[Round "8"]
[White "Ivanchuk, Vassily"]
[Black "Kramnik, Vladimir"]
[Result "0-1"]
[WhiteElo "2735"]
[BlackElo "2775"]
[Annotator "Har Zvi,R"]
[PlyCount "64"]
[EventDate "1996.05.21"]
[EventType "tourn"]
[EventRounds "9"]
[EventCountry "ESP"]
[EventCategory "19"]
[SourceTitle "CBM 053"]
[Source "ChessBase"]
[SourceDate "1996.08.01"]
[SourceVersion "1"]
[SourceVersionDate "1996.08.01"]
[SourceQuality "1"]

1. e4 {Ftacnik} c5 2. Nf3 Nc6 3. d4 cxd4 4. Nxd4 Nf6 5. Nc3 d6 6. Bg5 e6 7. Qd2
a6 8. O-O-O h6 9. Be3 Be7 10. f4 Nxd4 11. Bxd4 b5 12. Qe3 Qc7 {0.02} 13. e5
dxe5 14. Bxe5 (14. fxe5 Nd7 15. Ne4 Bb7 (15... O-O 16. Nf6+ $1 Nxf6 17. exf6
Bxf6 18. Bxf6 gxf6 {Klovans-Makarycev SSSR 1983 36/261} 19. Rd4 $5 h5 20. Be2
Qe5 21. Qf2 Bb7 22. Rh4 $40 {Gipslis}) 16. Nd6+ (16. Bd3 Nxe5 $17) 16... Qxd6
17. exd6 Bg5 18. Qxg5 hxg5 19. Bxg7 Rh4 20. Bd4 (20. Bc3 Bd5 21. h3 Nc5 22. Be5
Rc8 23. b3 Kd7 24. Rh2 Re4 25. Bf6 Rf4 $1 26. Bxg5 Rf2 27. Bd2 (27. Be3 Nxb3+ (
27... Bxb3 $1 28. Kb2 Ba4 $19 {Klovans,J-Vekshenkov,N/Novosibirsk/1987/0:1/33/}
) 28. Kb1 (28. axb3 Rcxc2+ 29. Kb1 Rb2+ 30. Ka1 Ra2+ 31. Kb1 Rfb2+ 32. Kc1 Rxb3
{/\33...Be4-+/}) 28... Be4 29. Bxf2 Bxc2+ 30. Kb2 Bxd1 31. axb3 Rc2+ $17))
20... Rc8 21. Rd2 (21. Bf2 Rh6 22. h4 e5 23. Be2 Bxg2 24. Rhg1 Be4 25. Rd2 Rc6
$13 {Wahls,M-Lagunov,A 1995}) 21... Bd5 22. Be3 (22. Kb1 Nc5) 22... f6 23. Bd3
Ne5 24. b3 Kd7 25. Rf1 (25. h3 Kxd6 26. Rf1 Ke7 $17) 25... Rxh2 26. Rxf6 Rxg2
27. Rxg2 Bxg2 28. Kb2 Rg8 $1 29. Be2 Kxd6 $17 {1/2-1/2 Varavin,V-Makarov,M/
RUS-ch Elista (02)/1994/ (53)}) 14... Ng4 $5 {a new move,and a very
interesting idea,black sacrifises an exchange inorder to get a strong
initiative,when white losses many tempi with is queen} (14... Qb7 15. Be2 Bd7
16. f5 O-O 17. Bxf6 Bxf6 18. Ne4 Bd8 19. f6 Bc6 20. fxg7 Kxg7 21. Qc3+ Kh7 22.
Nf6+ Bxf6 23. Qxf6 Be4 24. Rd2 Rac8 25. Bf3 Bxf3 26. gxf3 Rg8 27. Rhd1 Rg6 {
1/2-1/2 Adams,M-Hracek,Z/BL 9495/1995/ (56)}) (14... Qa7 15. Bd4 Qb8 16. Be5 $2
Ng4 17. Qg3 Nxe5 18. fxe5 O-O $17 {Erneste,I-Serper,G Helsinki 1992}) 15. Qf3 (
15. Bxc7 {Ftacnik} Nxe3 16. Rd3 Nf5 $10) 15... Nxe5 16. Qxa8 (16. fxe5 {Ftacnik
} Bb7 $15) 16... Nd7 {0.05} (16... Nc6 $2 {Ftacnik} 17. Nxb5 $1 Qxf4+ 18. Kb1
O-O 19. Qxc6 axb5 20. Qxb5 $18) 17. g3 {0.34} (17. Qf3 {Ftacnik} Bb7 18. Qg3
$14) (17. f5 {Ftacnik} Nb6 18. Qf3 O-O 19. Bd3 $14) 17... Nb6 (17... O-O $2 {
and white gained the control over the h1-a8 diagonal,when black compensation
is not enough} 18. Bg2) 18. Qf3 {0.34} Bb7 19. Ne4 {0.34} f5 {0.30} 20. Qh5+ {
0.35} (20. Bd3 {Ftacnik} O-O $15) 20... Kf8 {0.32} 21. Nf2 {0.35} (21. Bg2 {
Ftacnik} Bxe4 22. Bxe4 fxe4 23. Rhe1 Nd5 $17) 21... Bf6 $1 {the best move,
black is not satisfied witha draw which results after 21...Bc5, and also
better than 21...Bxh1 with about equal position} (21... Bc5 22. Nh3 $3 $8 Bxh1
23. Ng5 hxg5 (23... g6 $2 24. Qxg6 Bd5 25. Rxd5) 24. Qxh8+ Kf7 25. Qh5+ {
with a draw}) 22. Bd3 {0.46} (22. Rg1 {Ftacnik} Na4 (22... Qc5 23. Bg2 $1 Qxf2
(23... Bxb2+ 24. Kxb2 Na4+ 25. Kc1 Qe3+ 26. Rd2 $18) 24. Bxb7 Nc4 25. Kb1 Bxb2
26. Qf3 $16) 23. Nd3 Be4 24. Rg2 Bxd3 (24... Nxb2 25. Nxb2 Qc3 26. Nd3 Qa1+ 27.
Kd2 Qc3+ 28. Kc1 $10) 25. Rxd3 Bxb2+ 26. Kb1 Bf6 $40) 22... Na4 23. Rhe1 {0.46}
(23. b3 {Ftacnik} Bxh1 (23... Bb2+ 24. Kb1 (24. Kd2 Qa5+ 25. Ke2 Nc3+ 26. Ke1
Nxd1+ 27. Kxd1 Bxh1 28. Nxh1 Qxa2 $19) 24... Ba3 25. Rdf1 Bxh1 26. bxa4 (26.
Rxh1 Qc3 27. Nd1 Qd2 $19) 26... Qc3 27. Nd1 Qd2 $19) 24. bxa4 (24. Rxh1 Nc3 $17
) 24... Bd5 $17) 23... Bxb2+ 24. Kb1 {0.47} (24. Kd2 {Ftacnik} Qa5+ 25. Ke2 Bg2
$19) 24... Bd5 $3 {on his last 4 moves Kramnik thought little more than 1 and
16 minutes while Ivanchuk spent less than 15 minutes the result was the same!!}
25. Bxb5 (25. Bxf5 {Ftacnik} Bxa2+ $1 26. Kxa2 Qc4+ 27. Kb1 Nc3+ 28. Kxb2 Qb4+
29. Kc1 Na2#) 25... Bxa2+ $1 {Kramnik simply sees everything} (25... Nc3+ {
Ftacnik} 26. Kxb2 Nxd1+ (26... Nxb5 27. Rd3 Qb6 28. Nd1 $14) 27. Nxd1 axb5 28.
Nc3 $13) 26. Kxa2 axb5 27. Kb1 {0.49} (27. Rxe6 $2 {Ftacnik} Qc4+ 28. Kb1 Nc3+
29. Kxb2 Qb4+ 30. Kc1 Na2#) 27... Qa5 $3 {the winning move,Kramnik is left
with only 5 minutes to reach the 40 move but he does not need to worry about
this since the game is about to end,the threat now is Nc3-Qb4 and in the end
Na2 mate} 28. Nd3 {1.01} Ba3 {1.57} (28... Bd4 {Ftacnik} 29. Rxe6 Nc3+ 30. Kc1
g6 31. Qf3 (31. Qxg6 Qa1+ 32. Kd2 Qxd1#) 31... Na2+ 32. Kb1 Nb4 33. Kc1 Bc3 $19
) 29. Ka2 (29. Rxe6 {Ftacnik} Nc3+ 30. Ka1 Bc1#) (29. c3 {Ftacnik} Nxc3+ 30.
Kc2 Nxd1 $19) 29... Nc3+ 30. Kb3 {1.02} Nd5 {1.58} (30... Ne4 {Ftacnik} 31.
Rxe4 fxe4 $19) 31. Ka2 (31. Rxe6 {Ftacnik} Qa4+ 32. Ka2 Nc3+ 33. Ka1 Bc1#)
31... Bb4+ {and there is no wasy to prevent mate after 32.Kb1 Bc3 so Ivanchuk
resigned.one of the best games this year} 32. Kb1 Bc3 {Times: 1.02/1.58} (32...
Bc3 {Ftacnik} 33. Nb2 Qa3 $19) 0-1

[Event "Dortmund SuperGM 24th"]
[Site "Dortmund"]
[Date "1996.07.05"]
[Round "1"]
[White "Kramnik, Vladimir"]
[Black "Gelfand, Boris"]
[Result "1/2-1/2"]
[WhiteElo "2765"]
[BlackElo "2665"]
[Annotator "Gelfand,B"]
[PlyCount "47"]
[EventDate "1996.07.05"]
[EventType "tourn"]
[EventRounds "9"]
[EventCountry "GER"]
[EventCategory "18"]
[SourceTitle "CBM 054"]
[Source "ChessBase"]
[SourceDate "1996.10.01"]
[SourceVersion "1"]
[SourceVersionDate "1996.10.01"]
[SourceQuality "1"]

1. Nf3 {Dolmatov Hazai} Nf6 2. c4 g6 3. Nc3 Bg7 4. e4 d6 5. d4 O-O 6. Be2 e5 7.
O-O Nc6 8. d5 Ne7 9. b4 Nh5 10. Re1 a5 {N/} (10... Nf4 {Dolmatov} 11. Bf1 Bg4
12. h3 Bxf3 $2 13. Qxf3 $14 {Tukmakov,V-Cvitan,O/Zurich/1995/}) (10... f5 {
Dolmatov} 11. Ng5 Nf6 12. f3 Kh8 $13 {Piket,Je-Polgar,J/Aruba/1995/}) 11. Ba3 {
N, which is letting Black equalize by force} (11. bxa5) (11. bxa5 {Hazai})
11... Nf4 12. Bf1 Bg4 $1 (12... axb4 {Hazai} 13. Bxb4 b6 14. a4 $14) (12... b6
{Hazai} 13. bxa5 Rxa5 14. Bb4 Ra8 15. a4 $14) (12... f5 $5 13. g3 fxe4 14. Nxe4
Nh3+ $132 15. Bxh3 Bxh3 16. Nfg5 Bd7 17. c5 Nf5 18. cxd6 cxd6 $13) 13. h3 (13.
c5 f5 14. h3 Bh5) (13. g3 axb4 (13... Nh3+ 14. Bxh3 Bxh3) 14. Bxb4 c5 $1 15.
dxc6 Nxc6 $17) 13... Bxf3 (13... Bd7 14. c5 axb4 15. Bxb4 Nc8 16. a4 f5 17. Nd2
$14) 14. Qxf3 axb4 15. Bxb4 c5 $1 $10 (15... b6 $2 {Hazai} 16. g3 $16) 16. dxc6
Nxc6 17. a3 (17. Rab1 Nxb4 $5 (17... Ne6 18. a4 Nxb4 19. Rxb4 Nc5) 18. Rxb4 Ra3
$5) 17... Ne6 {Hazai: Black has a fine game, because the vital d4 square is in
his hands, and the white bishop on f1 is a bad one.} 18. Nb5 (18. Nd5 Ncd4 (
18... Ned4 $6 19. Qd3) 19. Qc3 Nc5) 18... Ned4 (18... Ncd4 19. Qd1 Nc5 20. Bc3
$14) 19. Qd3 (19. Nxd4 exd4 20. Bd2 (20. Bd3 Nxb4 21. axb4 Qb6 $10) 20... d3 $5
) 19... Nxb4 20. axb4 Qb6 (20... Nxb5 21. cxb5 Qb6 22. Qd5 $14) 21. Nxd4 (21.
g3 $5) 21... exd4 22. Qd2 Ra7 (22... d3 $6 23. Ra5 Rxa5 24. bxa5 Qb3 25. Rc1)
23. Rec1 (23. c5 dxc5 24. bxc5 Qxc5 25. Rec1 Qb6 26. Rcb1 Qc5 $10 27. Rb5 $140
Qxb5) 23... Rfa8 24. Rxa7 (24. Rxa7 Qxa7 25. c5 dxc5 26. Rxc5 (26. bxc5 Rc8)
26... Rd8 $10) 1/2-1/2